| 000 | 01199njm a2200313Ia 4500 | ||
|---|---|---|---|
| 001 | C6138 | ||
| 003 | IT-RoPAU | ||
| 005 | 20220918181150.0 | ||
| 008 | 131025s9999 xx 000 0 und d | ||
| 040 | _aIT-RoPAU | ||
| 040 | _cIT-RoPAU | ||
| 041 | _aITALIANO | ||
| 999 |
_c101994 _d101994 |
||
| 999 | _bn.d. | ||
| 100 |
_aRicci Daniele _930088 |
||
| 100 |
_eAutore musica _930089 |
||
| 100 |
_gCodice autore musica SPICS: 27081 _930090 |
||
| 245 | _aSei venuto dal cielo - Messa di Natale per assemblee giovanili | ||
| 250 | _a1a ed. | ||
| 260 | _aROMA | ||
| 260 |
_bEP - MUSICALI E DISCOGRAFICHE _c1994 [1a Ed.:1994 - Ed. Lingua Orig.: 1994] |
||
| 300 | _aMUSICASSETTA | ||
| 300 | _c20 minuti (Testo: 0 pag.) | ||
| 500 | _aMusica religiosa, liturgica. Canti per la messa di Natale. | ||
| 505 | _aAdesso รจ la pienezza - Gloria - Tutta la terra - Alleluia, un giorno santo - Ecco il pane - Santo - Sei venuto dal cielo - E' nato per noi. | ||
| 650 |
_aLITURGICO [CASSETTE] _eCodice MATERIA SPICS: 9951 _95632 |
||
| 700 |
_aRicci Daniele _eAutore testo e musica _gCodice autore testo/musica SPICS: 27081 _930091 |
||
| 700 |
_aRicci Daniele _gCodice interprete SPICS: 27081 _eInterprete _930092 |
||
| 942 |
_cMC _2ddc |
||